Estudio Op. 103 y nocturno: dos piezas para piano
Saved in:
| Hovedforfatter: | |
|---|---|
| Format: | Bog |
| Sprog: | spansk |
| Udgivet: |
San José
Universidad Costa Rica
2011
|
| Udgivelse: | 1a. ed |
| Fag: | |
| Tags: |
Tilføj Tag
Ingen Tags, Vær først til at tagge denne postø!
|
MARC
| LEADER | 00000cam a2200000 a 4500 | ||
|---|---|---|---|
| 001 | UCE7772 | ||
| 003 | CL-VaPUC | ||
| 008 | 150703e20110000cr |||||||||||||||||spa|d | ||
| 020 | |a 9789968462969 | ||
| 082 | 0 | 4 | |a Pn786.2 |b FON |2 21 |
| 100 | 0 | |a Fonseca, Julio |e author |9 580495 | |
| 245 | 1 | 0 | |a Estudio Op. 103 y nocturno: dos piezas para piano |
| 250 | |a 1a. ed | ||
| 300 | |a 35 p | ||
| 942 | |c BK | ||
| 945 | |d 20150703 10:05:00 |a gsalatino | ||
| 260 | |a San José |b Universidad Costa Rica |c 2011 | ||
| 650 | 0 | |a Piano |9 331733 | |
| 650 | 0 | |a Música para piano |9 306528 | |
| 651 | 0 | |a Costa Rica |9 225304 | |
| 583 | |a last modification |c 20150703 10:05:00 |k Rodrigo Vera | ||
| 999 | |c 359802 |d 359800 | ||
| 952 | |0 0 |1 0 |3 erb |4 0 |6 PN_786_200000000000000_FON_2011 |7 0 |8 ? |9 469348 |a BIBEDU |b BIBEDU |i 5165539 |o Pn786.2 FON 2011 |p 5165539 |r 2023-11-22 |w 2019-11-23 |y BK |z Catalogado en:20150703 |k MUS | ||